Elektronický obchod v poisťovníctve

Tendencie rozvoja elektronického obchodu v poisťovníctve. Poistné produkty hodiace sa pre elektronický obchod. Elektronický obchod na slovenskom poistnom trhu. Poistné zmluvy, ktoré je možné uzatvoriť on-line. Nízky počet užívateľov internetu ako brzda rozvoja elektronického obchodu. Obchodné modely...

Description complète

Enregistré dans:
Détails bibliographiques
Auteur principal: Pastoráková, Erika, 1972-
Format: Chapitre de livre
Langue:slovaque
Sujets:
Tags: Ajouter un tag
Pas de tags, Soyez le premier à ajouter un tag!

MARC

LEADER 00000naa$a2200000$$$4500
001 0052008
005 20240502071615.3
041 0 |a slo 
044 |a SK 
245 1 0 |a Elektronický obchod v poisťovníctve  |c Erika Pastoráková 
520 |a Tendencie rozvoja elektronického obchodu v poisťovníctve. Poistné produkty hodiace sa pre elektronický obchod. Elektronický obchod na slovenskom poistnom trhu. Poistné zmluvy, ktoré je možné uzatvoriť on-line. Nízky počet užívateľov internetu ako brzda rozvoja elektronického obchodu. Obchodné modely odbytu poistenia prostredníctvom internetu. 
610 2 0 |a poisťovníctvo 
610 2 0 |a poisťovne 
610 2 0 |a poistenie 
610 2 0 |a zmluvy poistné 
610 2 0 |a obchod elektronický 
610 2 0 |a internet 
100 1 |a Pastoráková, Erika, 1972-